Testing for EMC compliance (Record no. 209743)
[ view plain ]
| 000 -LEADER | |
|---|---|
| fixed length control field | 01244nam a22003134a 4500 |
| 082 04 - DEWEY DECIMAL CLASSIFICATION NUMBER | |
| Classification number | 621.382/24 |
| 100 1# - MAIN ENTRY--AUTHOR NAME | |
| Personal name | Montrose, Mark I. |
| 245 10 - TITLE STATEMENT | |
| Title | Testing for EMC compliance |
| 260 ## - PUBLICATION, DISTRIBUTION, ETC. (IMPRINT) | |
| Place of publication | Hoboken, NJ : |
| Name of publisher | John Wiley, |
| Year of publication | 2004. |
| 300 ## - PHYSICAL DESCRIPTION | |
| Number of Pages | xviii, 460 p. : |
| Other physical details | ill. |
| 650 #0 - SUBJECT ADDED ENTRY--TOPICAL TERM | |
| Topical Term | Electromagnetic compatibility. |
| Topical Term | Electromagnetic interference. |
| 700 1# - ADDED ENTRY--PERSONAL NAME | |
| Personal name | Nakauchi, Edward M. |
| 856 40 - ELECTRONIC LOCATION AND ACCESS | |
| Uniform Resource Identifier | http://site.ebrary.com/lib/rucke/Doc?id=10114034 |
No items available.
